| 000 | 00736nam a2200229 a 4500 | ||
|---|---|---|---|
| 005 | 20240229063550.0 | ||
| 008 | 121024s2007 mx r 000 0 spa d | ||
| 020 | _a9788498262919 | ||
| 035 | _aUPN01000188035 | ||
| 049 | _aI | ||
| 050 | 4 |
_aPQ7798.416 E7.6 _bCH5.3 |
|
| 100 | 1 |
_aFernández Quezada, Paula, _d1989- |
|
| 245 | 1 | 3 |
_aLa chica nueva / _cPaula Fernández ; il. Pablo Smerling. |
| 260 |
_aValencia, Esp. : _bECIR, _c2007. |
||
| 300 |
_a[31] p. : _bprincipalmente il., col. |
||
| 440 | 0 |
_aMulticolor ; _v2. _pPequeños lectores de 6 a 8 años |
|
| 650 | 4 |
_aLiteratura infantil argentina _97511 |
|
| 650 | 0 |
_aAmistad en la literatura _910763 |
|
| 700 | 1 |
_aSmerling, Pablo, _eil. |
|
| 905 | _aInfantil | ||
| 999 |
_c160138 _d160138 |
||